| 000 | 06318cam a2200529 i 4500 | ||
|---|---|---|---|
| 001 | 768714001 | ||
| 003 | CO-MdFUSB | ||
| 005 | 20240531062747.0 | ||
| 007 | ta | ||
| 008 | 170627t20172018iluad b 001 0 eng | ||
| 010 | _a2017022969 | ||
| 020 | _a9781433552861 | ||
| 020 | _a1433552868 | ||
| 020 |
_z9781433552892 _q(ePub) |
||
| 020 |
_z9781433552878 _q(PDF) |
||
| 020 |
_z9781433552885 _q(Mobipocket) |
||
| 040 |
_aDLC _beng _erda _cCO-MdFUSB _dYDX _dCO-MdFUSB _dBTCTA _dOCLCF _dBCT _dSGB _dOCLCQ _dAHS _dJOY _dUtOrBLW |
||
| 041 | _aeng | ||
| 082 |
_223 _a261.55 _bT377 |
||
| 090 | _aBS659 | ||
| 245 | 1 |
_aTheistic evolution : _ba scientific, philosophical, and theological critique _c/ editado por J.P. Moreland (philosophy) , Stephen C. Meyer, Christopher Shaw , Ann K. Gauger (science) , and Wayne Grudem (Bible/theology) ; prólogo por Steve Fuller. |
|
| 264 | 1 |
_aWheaton, Illinois : _bCrossway, _c[2017] |
|
| 264 | 4 | _c© 2017 | |
| 300 |
_a1,007 páginas : _bilustraciones, cartas ; _c24 cm. |
||
| 336 |
_atexto _btxt _2rdacontent. |
||
| 336 |
_atexto _bsti _2rdacontent. |
||
| 337 |
_asin mediación _bn _2rdamedia. |
||
| 338 |
_avolumen _bnc _2rdacarrier. |
||
| 504 | _aIncluye referencias bibliográficas e índices generales y de las Escrituras. | ||
| 505 | _aLA CRÍTICA CIENTÍFICA DE LA EVOLUCIÓN TEÍSTICA. Sección 1, Parte 1: El fracaso del neodarwinismo. Tres buenas razones para que las personas de fe rechacen la explicación de la vida de Darwin / Douglas D. Axe. -- El neodarwinismo y el origen de la forma y la información biológicas / Stephen C. Meyer. -- Evolución: una historia sin un Mecanismo / Matti Leisola. -- ¿Las propuestas actuales sobre los mecanismos evolutivos químicos apuntan con precisión hacia la primera vida? / James M. Tour. -- Evolución digital: predicciones de diseño / Winston Ewert. -- La diferencia que no hace: por qué el concepto de diseño "cargado al frente" no explica el origen de la información biológica / Stephen C. Meyer. -- ¿Por qué las mutaciones de ADN no pueden lograr lo que requiere el neodarwinismo? / Jonathan Wells. -- La evolución teísta y la síntesis evolutiva extendida: ¿funciona? / Stephen C. Meyer, Ann K. Gawger y Paul A. Nelson. -- Evidencia de los desafíos de la embriología Teoría evolutiva / Sheena Tyler Sección 1, Parte 2: El caso contra el Descenso común universal para un origen humano único. 10. The Fossil Record y Universal Common Ancestry / Gunter Bechly y Stephen C. Meyer. -- Universal Common Descent: A Comperhensive Critique / Casey Luskin. -- Cinco preguntas que todos deberían hacer sobre el descenso común / Paul A Nelson. -- La batalla sobre los orígenes humanos (Introducción a los capítulos 14-16) / Ann K. Gauger. -- Transiciones perdidas: orígenes humanos y el registro fósil / Casey Luskin Evidencia de singularidad humana / Ann K. Gauger, Ola Hossjer y Colin R. Reeves. -- Un modelo de genética de poblaciones alternativas / Ola Hossjer, Ann K. Gauger y Colin R. Reeves. - La presión para conformar conduce al sesgo en la ciencia / Christopher Shaw | ||
| 505 | 0 | _aSECCIÓN 2: LA CRÍTICA FILOSÓFICA DE LA EVOLUCIÓN TÍSTICA. 18. ¿Por qué la ciencia necesita filosofía / JP Moreland? --¿Debería la evolución teísta depender del naturalismo metodológico? / Stephen C. Meyer y Paul A. Nelson --- Cómo perder un acorazado: por qué el naturalismo metodológico hunde la evolución teísta / Stephen Dilley. -- Cómo la evolución teísta saca al cristianismo de la estructura de plausibilidad y roba a los cristianos la confianza de que la Biblia es una fuente de conocimiento / JP Moreland. -- Cómo pensar en la acción de Dios en el mundo / C. John Collins. -- Evolución teísta y el problema del mal natural / Garrett J. DeWeese. -- Trayendo a casa el tocino: la interacción de la ciencia y las Escrituras hoy / Colin R. Reeves. -- El origen de la conciencia moral: evolución teísta versus diseño inteligente / Tapio Puolimatka. -- Darwin en el muelle: CS Lewis sobre la evolución / John G. West SECCIÓN 3: LA CRÍTICA BÍBLICA Y TEOLÓGICA DE LA EVOLUCIÓN TEÍSTICA. -- La evolución teísta socava doce eventos de creación y varias doctrinas cristianas cruciales / Wayne Grudem. -- La evolución teísta es incompatible con las enseñanzas del Antiguo Testamento / John D. Currid. -- La evolución teísta es incompatible con las enseñanzas de lo Nuevo Testamento / Guy Prentiss Waters. -- La evolución teísta es incompatible con la Doctrina Cristiana Histórica / Gregg R. Allison. -- Nota adicional: BB Warfield: No aprobó la evolución teísta como se entiende hoy / Fred C. Zaspel. | |
| 520 | _aEl debate sobre los orígenes biológicos continúa siendo muy disputado dentro de la iglesia cristiana. Organizaciones prominentes como Biólogos (EE. UU.) Y el Instituto Faraday (Reino Unido) insisten en que los cristianos deben ceder a un consenso científico inexpugnable a favor de la teoría evolutiva contemporánea y modificar las ideas bíblicas tradicionales sobre la creación de la vida en consecuencia. Promueven una visión conocida como "evolución teísta" o "creación evolutiva". Argumentan que Dios usó, aunque de manera indetectable, mecanismos evolutivos para producir todas las formas de vida. Este libro impugna esta propuesta. Con dos docenas de científicos, filósofos y teólogos altamente acreditados de Europa y América del Norte, este volumen proporciona la crítica más completa de la evolución teísta producida hasta ahora. Documenta problemas probatorios, lógicos y teológicos con la evolución teísta, abriendo la puerta a alternativas científicas y teológicas, lo que hace que el libro sea una lectura esencial para comprender este tema que configura la cosmovisión. | ||
| 563 | _aRústico | ||
| 650 | 7 |
_aCristianismo _2 _922 |
|
| 650 | 7 |
_aReligión y ciencia _9259 |
|
| 650 | 7 |
_aDios _9178 |
|
| 650 | 7 |
_aCreación _9251 |
|
| 700 | 1 |
_aMoreland, James Porter, _d1948- _eeditor. |
|
| 700 |
_aMeyer, Stephen C. _eeditor. _94315 |
||
| 700 |
_aShaw, Christopher A. _eeditor. _94316 |
||
| 700 |
_aGauger, Ann K. _eeditor. _94317 |
||
| 700 | 1 |
_aGrudem, Wayne A., _d1948 _eeditor. _9823 |
|
| 700 |
_aFuller, Steve, _eprologuista _94318 |
||
| 942 | _cBK | ||
| 945 | _aJTF-925 | ||
| 999 |
_c66190 _d66190 |
||